000 00450nam a2200169Ia 4500
008 240729s9999 xx 000 0 und d
022 _a2772-7823
245 0 _aCleaner Chemical Engineering
260 _aUnited Kingdom
260 _bElsevier
650 _a Chemical engineering
650 _a Chemical technology
650 _aTechnology
856 _uhttps://doaj.org/toc/9e8575cd04d6473f82e7c9e14f5101fd
942 _2ddc
942 _cDOAJEJ
999 _c66815
_d66815
945 _a1
_bMadushi Gamage
_c1
_dMadushi Gamage